| 000 | 01100nam a22002657a 4500 | ||
|---|---|---|---|
| 003 | NALT | ||
| 005 | 20220815152242.0 | ||
| 008 | s2533 th tha d | ||
| 020 | _a9742766576 | ||
| 040 | _aNALT | ||
| 041 | _atha | ||
| 050 | _aLB1044.75 ว358ก | ||
| 100 | 0 | _aวสันต์ อติศัพท์ | |
| 245 | 1 | 0 | _aการผลิตเทปโทรทัศน์เพื่อการศึกษาและฝึกอบรม |
| 260 | 3 |
_aกรุงเทพฯ : _bโอเดียนสโตร์, _c2533 |
|
| 300 |
_a288 หน้า : _b ภาพประกอบ, ตาราง |
||
| 650 | 0 | 4 | _aโทรทัศน์เพื่อการศึกษา |
| 650 | 0 | 4 | _aโทรทัศน์ -- การผลิตและการกำกับรายการ |
| 650 | 0 | 4 | _aโทรทัศน์ |
| 650 | 0 | 4 | _aเทปโทรทัศน์ |
| 650 | 0 | 4 | _aรายการโทรทัศน์ |
| 850 | _aNALT | ||
| 942 |
_cGB _2lcc |
||
| 999 |
_c40736 _d40736 |
||
| 998 |
_j8 _k บัณฑิต อุทาวงค์ |
||